Новые решения экологических проблем на предприятии ООО "Лукойл-Калининградморнефть"; Экология и промышленность России; № 11

書誌詳細
Parent link:Экология и промышленность России: ежемесячный общественный научно-технический журнал.— , 2001-
№ 11.— 2003.— С. 26-27
第一著者: Мещеряков С. В.
その他の著者: Гречищева Н. Ю.
言語:ロシア語
出版事項: 2003
シリーズ:Анализ. Методики. пргнозы
主題:
フォーマット: MixedMaterials 図書の章
KOHA link:https://koha.lib.tpu.ru/cgi-bin/koha/opac-detail.pl?biblionumber=390393

MARC

LEADER 00000naa2a2200000 4500
001 390393
005 20231101063953.0
035 |a (RuTPU)RU\TPU\prd\23406 
090 |a 390393 
100 |a 20040302a2003 k y0rusy50 ca 
101 0 |a rus 
102 |a RU 
200 1 |a Новые решения экологических проблем на предприятии ООО "Лукойл-Калининградморнефть"  |f С. В. Мещеряков, Н. Ю. Гречищева 
225 1 |a Анализ. Методики. пргнозы 
461 1 |0 (RuTPU)RU\TPU\prd\1141  |t Экология и промышленность России  |o ежемесячный общественный научно-технический журнал  |d 2001- 
463 1 |0 (RuTPU)RU\TPU\prd\21213  |t № 11  |v С. 26-27  |d 2003 
610 1 |a экология 
610 1 |a сертификаты 
610 1 |a ИСО 
610 1 |a экологический менеджмент 
610 1 |a международные стандарты 
610 1 |a нефтегазовая промышленность 
610 1 |a нефтяные компании 
700 1 |a Мещеряков  |b С. В. 
701 1 |a Гречищева  |b Н. Ю. 
801 1 |a RU  |b 63413507  |c 20040302  |g PSBO 
942 |c BK